| 000 | 00836nam a2200217 i 4500 | ||
|---|---|---|---|
| 001 | 23709 | ||
| 003 | ES-MaACL | ||
| 005 | 20230906152924.0 | ||
| 007 | t| | ||
| 008 | 021212q1899 it af |||| | ita d | ||
| 100 | 1 |
_aAmelio, Pasquale d'. _921189 |
|
| 245 | 1 | 0 |
_aNuovi scavi di Pompei : _bCasa dei Vettii : appendice ai dipinti murali / _cPasquale d'Amelio. |
| 260 |
_aNapoli : _bRichter, _c[1899?] |
||
| 300 |
_a1 carpeta ([9] p., [9] h. de lám. col.) ; _c64 cm. |
||
| 530 | _aDisponible en formato digital. | ||
| 546 | _aTexto paralelo (a dos columnas) en italiano y francés. | ||
| 650 | 4 |
_aPintura romana- _zPompeya (Ciudad desaparecida) _9170040 |
|
| 651 | 4 |
_aPompeya (Ciudad desaparecida) _9149648 |
|
| 852 |
_aES-MaACL _jB-6993 |
||
| 856 |
_uhttps://archive.org/details/gri_33125008615482/page/n6/mode/2up _zInternet Archive |
||
| 999 |
_c23709 _d23709 |
||